Gaming Quiz

Random Gaming or Pokémon Quiz

All Pokemon Resisting Normal Quiz Stats

 Plays Quiz not verified by Sporcle

Challenge
Share
Tweet
Embed
Score 0/150 Timer 20:00
0 Plays Today
Gen Pokemon % Correct
IGeodude (Alola Geodude as well)
99.2%
IGraveler (Alola Graveler as well)
98.9%
IGolem (Alola Golem as well)
98.9%
IHaunter
98.9%
IGengar (Mega Gengar as well)
98.9%
IGastly
98.6%
IOnix
98.3%
IKabuto
98.3%
IKabutops
98.3%
IISteelix (Mega Steelix as well)
98.3%
IOmanyte
98%
IOmastar
98%
IRhyhorn
97.2%
IRhydon
97.2%
IAerodactyl (Mega Aerodactyl as well)
97.2%
IIIAron
97.2%
IIILairon
97.2%
IMagnemite
97.2%
IMagneton
97.2%
IIIAggron (Mega Aggron as well)
96.9%
IIMisdreavus
96.6%
IIIShuppet
96.6%
IIIDuskull
96.6%
IIIMetang
96.6%
IIIMetagross (Mega Metagross as well)
96.6%
IIIDusclops
96.3%
IIIBeldum
96.3%
IIIBanette (Mega Banette as well)
96.1%
IVGiratina
95.8%
IAlola Sandshrew
95.8%
IAlola Sandslash
95.8%
IIIAnorith
95.5%
IVCranidos
95.5%
IVRampardos
95.5%
IVShieldon
95.5%
IVBastiodon
95.5%
IIIArmaldo
95.2%
IIIRegisteel
95.2%
IVEmpoleon
95.2%
IIICradily
94.9%
IIIRegirock
94.9%
IVDusknoir
94.9%
VIIDecidueye
94.9%
IIILileep
94.7%
VChandelure
94.7%
IILarvitar
94.4%
IIPupitar
94.4%
IITyranitar (Mega Tyranitar as well)
94.4%
IIISableye (Mega Sableye as well)
94.4%
IVRotom (Normal)
94.4%
Gen Pokemon % Correct
VLitwick
94.4%
VITyrunt
94.1%
VLampent
94.1%
IIIJirachi
94.1%
VITrevenant
93.8%
IVMagnezone
93.8%
VIINecrozma (Dusk Mane or Dawn Wings)
93.5%
IVRhyperior
93.5%
VIPumpkaboo
93.5%
IIScizor (Mega Scizor as well)
93.5%
VArchen
93.3%
VArcheops
93.3%
VITyrantrum
93.3%
VIPhantump
93.3%
VIGourgeist
93.3%
IIForretress
93.3%
IISkarmory
93.3%
VBoldore
93%
IVMismagius
93%
VCobalion
93%
IAlola Marowak
92.8%
IAlola Diglett
92.8%
IAlola Dugtrio
92.8%
IVArceus (Rock, Ghost or Steel-type)
92.7%
VIAmaura
92.7%
IVHeatran
92.7%
VKlink
92.7%
VKlang
92.7%
VTerrakion
92.4%
VIHonedge
92.4%
VIDoublade
92.4%
VIAegislash
92.4%
VKlinklang
92.4%
VRoggenrola
92.1%
VGigalith
92.1%
VIAurorus
92.1%
IIIShedinja
92.1%
VFrillish
92.1%
VJellicent
92.1%
IIIMawile (Mega Mawile as well)
92.1%
VGenesect
92.1%
VIIStakataka
91.9%
VCarracosta
91.9%
VFerroseed
91.9%
VFerrothorn
91.9%
IVDrifloon
91.6%
IVDrifblim
91.6%
VIIMarshadow
91.6%
VIISolgaleo
91.6%
IIINosepass
91.3%
Gen Pokemon % Correct
VTirtouga
91.3%
VGolett
91.3%
VGolurk
91.3%
VICarbink
91%
IIIRelicanth
90.7%
IVDialga
90.7%
IVProbopass
90.2%
VIDiancie (Mega Diancie as well)
90.2%
IICorsola
89.9%
IVFroslass
89.9%
VIILunala
89.9%
IVSpiritomb
89.6%
IVBronzor
89.6%
IVBronzong
89.6%
IVLucario (Mega Lucario as well)
89.3%
IISudowoodo
89%
VIIRockruff
89%
VIILycanroc
89%
VIICelesteela
89%
VIIMimikyu
88.6%
VIIKartana
88.6%
VIBinacle
88.5%
VIBarbaracle
88.5%
VExcadrill
88.5%
VIKlefki
88.5%
VIHoopa (Confined)
88.2%
VIISilvally (Type: Rock, Ghost or Steel)
88.2%
VYamask
87.6%
VCofagrigus
87.4%
VDurant
87.4%
VIIMagearna
87.3%
IVBonsly
86.8%
IVWormadam (Trash Cloak)
86.8%
VEscavalier
86.5%
VIISandygast
86.5%
VIIDhelmise
86.5%
VIIPalossand
86.1%
IIILunatone
86%
IIISolrock
86%
VPawniard
86%
VBisharp
86%
VIIBlacephalon
85.5%
IIShuckle
85.4%
IIMagcargo
84.6%
VIINihilego
82.7%
VDwebble
82.6%
VCrustle
82%
VIIMinior
81%
VIITogedemaru
78.9%
VIIOricorio (Sensu Style)
78.5%

You're not logged in!

Compare scores with friends on all Sporcle quizzes.
Join for Free
OR
Log In

You Might Also Like...

Show Comments

Extras

Top Quizzes Today


Score Distribution

Your Account Isn't Verified!

In order to create a playlist on Sporcle, you need to verify the email address you used during registration. Go to your Sporcle Settings to finish the process.

Report this User

Report this user for behavior that violates our Community Guidelines.

Details: